00734cam a2200217 a 450000100060000000300080000600500170001400800410003103500310007204000390010304100080014208200230015010000520017324500680022526000400029330000330033350400530036665000330041965000340045270000300048611715BD-RjUL20211208235154.0140127s1967 nyua b 001 0 eng d a0471258768a(BD-RjUL)11764 aDLCcDLCdm.cdUkOxUdBD-RjULbeng aeng a547.301bFIR 19671 aFieser, Louis F.q(Louis Frederick),d1899-197710aReagents for organic synthesis /cLouis F. Fieser, Mary Fieser. aNew York ;aLondon :bWiley,cc1967 aix,1457 p. :bill. ;c24 cm. aIncludes bibliographical references and indexes. 0aChemical tests and reagents. 0aOrganic compoundsxSynthesis.1 aFieser, Mary,d1909-1997.